| 000 | 00562nam a2200205Ia 4500 | ||
|---|---|---|---|
| 005 | 20221104114332.0 | ||
| 008 | 131103s9999 xx 000 0 und d | ||
| 020 | _aSBN 195619536 | ||
| 040 | _aLoreto College | ||
| 041 | _aEnglish | ||
| 082 |
_a954.02 _bRIC |
||
| 245 | 4 |
_aThe imperial monetary system of mughal India _cEdited by J.F.Richards |
|
| 260 |
_aDelhi _bOxford University Press _c1987 |
||
| 300 |
_aviii,382 p. _b tables |
||
| 504 | _aIncludes index | ||
| 650 | _aMedieval History | ||
| 700 | _aRichards,J.F;ed. | ||
| 850 | _aLCLIB | ||
| 942 | _cBK | ||
| 999 |
_c9492 _d59971 |
||